La casa del tahur / (Record no. 104689)

MARC details
000 -LEADER
campo de control de longitud fija 00492nam a2200157 i 4500
001 - NÚMERO DE CONTROL
campo de control 104689
003 - IDENTIFICADOR DE NÚMERO DE CONTROL
campo de control ES-MaACL
007 - CAMPO FIJO DE DESCRIPCIÓN FÍSICA--INFORMACIÓN GENERAL
campo de control de longitud fija t|
008 - DATOS DE LONGITUD FIJA--INFORMACIÓN GENERAL
campo de control de longitud fija 051207s1973 sp ||||1| spa d
100 1# - ENTRADA PRINCIPAL--NOMBRE DE PERSONA
Nombre de persona Mira de Amescua, Antonio.
9 (RLIN) 81453
245 13 - MENCIÓN DEL TÍTULO
Título La casa del tahur /
Mención de responsabilidad, etc. Antonio Mira de Amescua; con introducción y notas de Vern G. Williamsen.
260 ## - PUBLICACIÓN, DISTRIBUCIÓN, ETC.
Lugar de publicación, distribución, etc. Madrid :
Nombre del editor, distribuidor, etc. Castalia,
Fecha de publicación, distribución, etc. 1973.
300 ## - DESCRIPCIÓN FÍSICA
Extensión 148 p. ;
Dimensiones 24 cm.
700 1# - ENTRADA AGREGADA--NOMBRE PERSONAL
Nombre de persona Williamsen, Vern G.
9 (RLIN) 116966
852 ## - LOCALIZACIÓN
Ubicación ES-MaACL
Número de control de estantería E-8129
Sublocalización o colección R.92713
Holdings
Estatus retirado Estado de pérdida Estado de daño No para préstamo Biblioteca de origen Biblioteca actual Ubicación en estantería Fecha de adquisición Fuente de adquisición Total de préstamos Signatura topográfica completa Código de barras Visto por última vez Precio de reemplazo Tipo de ítem Koha
        Biblioteca del Ateneo de Madrid Biblioteca del Ateneo de Madrid Depósito 2 17/01/2008     E-8129 1109300 23/02/2023 23/02/2023 Libro impreso